Name the 70's band/singer - Statistics

General Stats
  • This quiz has been taken 55 times
  • The average score is 8 of 16
Answer Stats
Picture Answer % Correct
Rolling Stones
86%
Fleetwood Mac
84%
Rod Stewart
84%
Ike and Tina Turner
76%
T. Rex
67%
The Who
63%
Donna Summer
55%
Lou Reed
53%
Lynyrd Skynyrd
43%
Talking Heads
39%
Dire Straits
35%
Steely Dan
31%
Jefferson Starship
27%
Allman Brothers
25%
Santana
14%
Three Dog Night
14%
No matching quizzes found
Score Distribution
Percent of People with Each Score
Percentile by Number Answered
Your Score History
You have not taken this quiz